|
|
|
|
| LEADER |
01591cas a2200241 a 4500 |
| 001 |
AALejournalIMF003708 |
| 008 |
230101c9999 xx r poo 0 0eng d |
| 020 |
|
|
|c 5.00 USD
|
| 020 |
|
|
|z 9781451815795
|
| 022 |
|
|
|a 1934-7685
|
| 040 |
|
|
|a BD-DhAAL
|c BD-DhAAL
|
| 110 |
2 |
|
|a International Monetary Fund.
|
| 245 |
1 |
0 |
|a Guinea-Bissau :
|b Staff-Monitored Program.
|
| 264 |
|
1 |
|a Washington, D.C. :
|b International Monetary Fund,
|c 2005.
|
| 300 |
|
|
|a 1 online resource (54 pages)
|
| 490 |
1 |
|
|a IMF Staff Country Reports
|
| 500 |
|
|
|a <strong>Off-Campus Access:</strong> No User ID or Password Required
|
| 500 |
|
|
|a <strong>On-Campus Access:</strong> No User ID or Password Required
|
| 506 |
|
|
|a Electronic access restricted to authorized BRAC University faculty, staff and students
|
| 520 |
3 |
|
|a This paper focuses on the Staff-Monitored Program (SMP) for Guinea-Bissau. The SMP, which covers the period April-December 2005, is based on the budget for 2005. It aims at avoiding new domestic arrears through a cash-rationing system, at improving tax administration and expenditure management, and at laying the basis for main public sector reform programs in the future. Economic policy focuses on rehabilitation of war-damaged infrastructure and on promoting economic growth by eliminating excessive regulation. The program also aims at improving governance.
|
| 538 |
|
|
|a Mode of access: Internet
|
| 830 |
|
0 |
|a IMF Staff Country Reports; Country Report ;
|v No. 2005/252
|
| 856 |
4 |
0 |
|z Full text available on IMF
|u http://elibrary.imf.org/view/journals/002/2005/252/002.2005.issue-252-en.xml
|z IMF e-Library
|